Capitals of Europe (ABC) - Statistics

General Stats
  • This quiz has been taken 51 times
  • The average score is 10 of 12
Answer Stats
Answer % Correct
Amsterdam
95%
Berlin
90%
Andorra la Vella
88%
Athens
88%
Bern
88%
Brussels
88%
Budapest
85%
Copenhagen
85%
Bucharest
83%
Bratislava
80%
Belgrade
75%
Chisinau
73%
No matching quizzes found
Score Distribution
Percent of People with Each Score
Percentile by Number Answered
Your Score History
You have not taken this quiz